How fast can you type these words #3 - Statistics

General Stats
  • This quiz has been taken 105 times
  • The average score is 9 of 10
Answer Stats
Answer HINTS % Correct
Pen Pen
100%
Ape Ape
94%
Ice Ice
94%
Kit Kit
94%
Tie Tie
94%
Lip Lip
92%
Eye Eye
87%
Why Why
83%
Jet Jet
79%
Pit Pit
77%
No matching quizzes found
Score Distribution
Percent of People with Each Score
Percentile by Number Answered
Your Score History
You have not taken this quiz